| Tag |
First Indicator |
Second Indicator |
Subfields |
| LEADER |
00000cam a2200000 a 4500 |
| 001 |
in00001242221 |
| 005 |
20151003062920.0 |
| 008 |
880224s1957 txua 000 0 eng d |
| 035 |
|
|
|a (OCoLC)17535181
|
| 035 |
|
|
|9 AGS9060AM
|
| 040 |
|
|
|a TSX
|c TSX
|d TXA
|d UtOrBLW
|
| 049 |
|
|
|a TXAS [mil]
|
| 090 |
|
|
|a U428.5
|b .U4 1957
|
| 092 |
|
|
|a 355.37
|b Re
|
| 110 |
1 |
|
|a United States.
|b Army.
|b Reserve Officers' Training Corps.
|
| 245 |
1 |
0 |
|a In a military manner :
|b ROTC, Fort Knox.
|
| 264 |
|
1 |
|a Dallas :
|b Miller Publishing Co.,
|c 1957.
|
| 300 |
|
|
|a 1 volume (unpaged) :
|b illustrations ;
|c 29 cm.
|
| 336 |
|
|
|a text
|b txt
|2 rdacontent
|
| 337 |
|
|
|a unmediated
|b n
|2 rdamedia
|
| 338 |
|
|
|a volume
|b nc
|2 rdacarrier
|
| 610 |
2 |
0 |
|a United States.
|b Army.
|b Reserve Officers' Training Corps.
|
| 999 |
|
|
|a MARS
|
| 999 |
f |
f |
|s bd289538-4e27-36f3-af95-19ab3c26a464
|i 030e7b74-2f18-3a7d-92b5-8d4c0fcbb73d
|t 0
|
| 952 |
f |
f |
|p noncirc
|a Texas A&M University
|b College Station
|c Cushing Memorial Library & Archives
|d Cushing: Ragan Military (Does not check out)
|t 0
|e U428.5 .U4 1957
|h Library of Congress classification
|i unmediated -- volume
|
| 998 |
f |
f |
|a U428.5 .U4 1957
|t 0
|l Cushing: Ragan Military (Does not check out)
|